000 00277nam a22001337a 4500
008 171030b xxu||||| |||| 00| 0 eng d
020 _a9780071629959
041 _aeng
080 _a33
100 _a58
101 _aBUS
245 _aE-HABITS
_cCHARNOCK,E
942 _2udc
_cBK
999 _c36476
_d36476